Korean Confucianism (Record no. 196680)

MARC details
000 -LEADER
fixed length control field 00490nam a22001577a 4500
020 ## - INTERNATIONAL STANDARD BOOK NUMBER
ISBN 9791186178140
082 ## - DEWEY DECIMAL CLASSIFICATION NUMBER
Classification number 306.09519 CHU
100 ## - MAIN ENTRY--PERSONAL NAME
Personal name Chung, Edward Y. J.
245 ## - TITLE STATEMENT
Title Korean Confucianism
Sub Title :Traditionally and modernity
Statement of responsibility, etc /Chung, Edward Y. J.
260 ## - PUBLICATION, DISTRIBUTION, ETC. (IMPRINT)
Place of publication Korea:
Name of publisher The acdemy of korean studies press,
Year of publication 2015.
300 ## - PHYSICAL DESCRIPTION
Number of Pages 179p.
490 ## - SERIES STATEMENT
Series statement The Understanding Korea Series (UKS) 3
650 ## - SUBJECT ADDED ENTRY--TOPICAL TERM
Topical Term Social history korea
-- Culture korea
942 ## - ADDED ENTRY ELEMENTS (KOHA)
Koha item type Book
Holdings
Withdrawn status Lost status Damaged status Not for loan Permanent Location Current Location Date acquired Full call number Accession Number Price effective from Koha item type
        Library and Documentation Division NCERT Library and Documentation Division NCERT 02/03/2026 306.09519 CHU F33320 02/03/2026 Book